| 000 | 00748nam a2200193 a 4500 | ||
|---|---|---|---|
| 005 | 20240806064112.0 | ||
| 008 | 991125s1980 mx 000 0 spa u | ||
| 035 | _aUPN01000002810 | ||
| 049 | _aCG | ||
| 050 | 4 |
_aBF173 _bF7.28 |
|
| 100 | 1 |
_aFreud, Sigmund, _d1856-1939 |
|
| 245 | 1 | 3 |
_aEl análisis profano / _cFreud ; tr. Luis López-Ballesteros y de Torres. |
| 260 |
_aMéxico : _bIztaccihuatl, _c[198-]. |
||
| 300 | _a303 p. | ||
| 440 | 0 |
_aObras completas de Freud ; _v12 |
|
| 505 | 8 |
_aContenido: _tEl múltiple interés de la psicoanálisis -- _tHistoria del movimiento psicoanalítico -- _tLa etiología de la histeria -- _tSexualidad en la etiología de las neurosis -- _tRecuerdos encubridores |
|
| 650 | 4 |
_aPsicoanálisis _91572 |
|
| 905 | _aLibro | ||
| 999 |
_c2810 _d2810 |
||